00246nam a2200085Ia 4500001000800000005001700008008004100025245006200066260003200128111188120250827003920.0250824s9999 xx 000 0 und d 0aCENNETİN GÜLÜ HZ.MUHAMMED(S.A.V.)cSİNAN YAĞMUR bKARATAY AKADEMİ YAYINLARI